Viruses in Human Gene Therapy /

Viruses in Human Gene Therapy is a comprehensive and up to date review describing the basic biology and potential application of viruses as gene transfer reagents. It will be a useful resource for laboratories involved in any aspect of gene transfer research and will also provide an excellent introd...

Full description

Bibliographic Details
Main Author: Vos, Jean-Michel H.
Corporate Author: SpringerLink (Online service)
Format: eBook
Language:English
Published: Dordrecht : Springer Netherlands : Imprint : Springer, 1995.
Subjects:
Online Access:Connect to the full text of this electronic book

MARC

Tag First Indicator Second Indicator Subfields
LEADER 00000cam a2200000Ma 4500
001 in00003556021
006 m o d
007 cr nn|||||||||
008 121227s1995 ne o 000 0 eng d
005 20260421164206.8
020 |a 9789401105552 (electronic bk.) 
020 |a 9401105553 (electronic bk.) 
035 |a (OCoLC)840308554 
040 |a I9W  |b eng  |e pn  |c I9W  |d OCLCQ  |d GW5XE  |d OCLCF  |d UtOrBLW 
049 |a TXAM 
050 4 |a RB155.8.V57 
082 0 4 |a 616.042 
100 1 |a Vos, Jean-Michel H. 
245 1 0 |a Viruses in Human Gene Therapy /  |c edited by Jean-Michel H. Vos. 
264 1 |a Dordrecht :  |b Springer Netherlands :  |b Imprint :  |b Springer,  |c 1995. 
300 |a 1 online resource (430 pages) 
336 |a text  |b txt  |2 rdacontent 
337 |a computer  |b c  |2 rdamedia 
338 |a online resource  |b cr  |2 rdacarrier 
520 |a Viruses in Human Gene Therapy is a comprehensive and up to date review describing the basic biology and potential application of viruses as gene transfer reagents. It will be a useful resource for laboratories involved in any aspect of gene transfer research and will also provide an excellent introduction for those who wish to become acquainted with the field of gene therapy. 
500 |a Electronic resource. 
650 0 |a Viruses. 
650 0 |a Gene therapy. 
650 0 |a Genetic disorders. 
650 7 |a Gene therapy.  |2 fast  |0 (OCoLC)fst00939638 
650 7 |a Genetic disorders.  |2 fast  |0 (OCoLC)fst00940009 
650 7 |a Viruses.  |2 fast  |0 (OCoLC)fst01167771 
655 7 |a Electronic books.  |2 local 
710 2 |a SpringerLink (Online service) 
856 4 0 |u http://proxy.library.tamu.edu/login?url=https://link.springer.com/10.1007/978-94-011-0555-2  |z Connect to the full text of this electronic book  |t 0 
994 |a 92  |b TXA 
999 |a MARS 
999 f f |s 3931b5cc-53d4-3967-a17d-c9a70dcd987e  |i 03bb8b4f-e6b4-3ded-9fd2-bb1887a7b757  |t 0 
952 f f |a Texas A&M University  |b College Station  |c Electronic Resources  |s www_evans  |d Available Online  |t 0  |e RB155.8.V57  |h Library of Congress classification 
998 f f |a RB155.8.V57  |t 0  |l Available Online